000
00322nam a22001337a 4500
999
_c
13939
_d
13939
020
_a
9781107172012
082
_a
005
100
_a
Paul Ammann & Jeff Offutt
245
_a
Introduction to Software Testing
250
_a
2nd edition
260
_a
UK
_b
Cambridge University Press
_c
2023
300
_a
345 pages
942
_c
BK